Management information systems / (Record no. 7248)

MARC details
000 -LEADER
fixed length control field 02542cam a2200181 a 4500
020 ## - INTERNATIONAL STANDARD BOOK NUMBER
ISBN 9780071221092
020 ## - INTERNATIONAL STANDARD BOOK NUMBER
ISBN 0071221093
050 ## - CALL NUMBER
Classification number T58.6
Item number .O23
100 1# - AUTHOR
Personal name O'Brien, James A.,
245 10 - TITLE
Title Management information systems /
Statement of responsibility, etc James A. O'Brien, George M. Marakas.
250 ## - EDITION
Edition statement Tenth edition, Global edition.
260 ## - PUBLICATION INFORMATION
Place of publication New York, NY :
Name of publisher McGraw-Hill/Irwin,
Year of publication ©2011.
300 ## - DESCRIPTION
Number of Pages 704 pages :
Other physical details illustrations ;
Dimensions 28 cm.
505 ## - FORMATTED CONTENTS NOTE
Table of Content MODULE I Foundation Concepts 1. Foundations of Information Systems in BusinessSection I Foundation Concepts: Information Systems in BusinessSection II Foundation Concepts: The Components of Information Systems2. Competing with Information TechnologySection I Fundamentals of Strategic AdvantageSection II Using Information Technology for Strategic AdvantageMODULE II Information Technologies3. Computer HardwareSection I Computer Systems: End User and Enterprise ComputingSection II Computer Peripherals: Input, Output, and Storage Technologies4. Computer SoftwareSection I Application Software: End-User ApplicationsSection II System Software: Computer System Management5. Data Resource ManagementSection I Technical Foundations of Database ManagementSection II Managing Data Resources6. Telecommunications and NetworksSection I The Networked EnterpriseSection II Telecommunications Network AlternativesMODULE III Business Applications7. E-Business SystemsSection I e-Business SystemsSection II Functional Business Systems8. Enterprise Business SystemsSection I Getting All the Geese Lined Up: Managing at the Enterprise LevelSection II Enterprise Resource Planning: The Business BackboneSection III Supply Chain Management: The Business Network9. E-Commerce SystemsSection I e-Commerce FundamentalsSection II e-Commerce Applications and IssuesSection I Decision Support in BusinessSection II Artificial Intelligence Technologies in BusinessMODULE IV Development Processes11. Developing Business/IT StrategiesSection I Planning FundamentalsSection II Implementation Challenges12. Developing Business/IT SolutionsSection I Developing Business SystemsSection II Implementing Business SystemsMODULE V Management Challenges13. Security and Ethical ChallengesSection I Security, Ethical, and Societal Challenges of ITSection II Security Management of Information Technology14. Enterprise and Global Management of Information TechnologySection I Managing Information TechnologySection II Managing Global IT
650 #0 - SUBJECTS
Topical Term Management information systems.
700 1# - OTHER AUTHORS
Personal name Marakas, George M.
942 ## - ADDED ENTRY ELEMENTS (KOHA)
Koha item type Books
Holdings
Withdrawn status Lost status Collection code Home library Current library Shelving location Date acquired Full call number Accession Number Koha item type
    Reference Methodist University Library Main Methodist University Library Main General Stacks   T58.6 .O23 6312 Books
    Reference Methodist University Library Main Methodist University Library Main General Stacks   T58.6 .O23 6311 Books
Copyright © 2026  MUG Library